000 00637nam a2200277Ia 4500
005 20260324135910.0
008 008 260324s9999 xx 000 0 eng d
020 _a9781315009483
037 _aEBOOK
040 _aCRL
040 _beng
040 _cCRL
041 _2eng
041 _aeng
084 _qCRL
100 _a Bernfeld, Siegfried
_91202338
245 4 _aThe PSYCHOLOGY OF THE INFANT
260 _bTaylor and Francis
260 _c1999
365 _a
365 _b350
856 _uhttp://www.taylorfrancis.com/books/9781315009483
942 _cEBOOK
999 _c1803879
_d1803879